<?xml version="1.0" encoding="UTF-8"?>
<record
    xmlns:xsi="http://www.w3.org/2001/XMLSchema-instance"
    xsi:schemaLocation="http://www.loc.gov/MARC21/slim http://www.loc.gov/standards/marcxml/schema/MARC21slim.xsd"
    xmlns="http://www.loc.gov/MARC21/slim">

  <leader>02791nam a22002177a 4500</leader>
  <controlfield tag="003">OSt</controlfield>
  <controlfield tag="005">20260410111437.0</controlfield>
  <controlfield tag="008">260325b        |||||||| |||| 00| 0 espd</controlfield>
  <datafield tag="022" ind1=" " ind2=" ">
    <subfield code="a"> 9789942935960</subfield>
  </datafield>
  <datafield tag="082" ind1=" " ind2=" ">
    <subfield code="2"> 9789942935960</subfield>
  </datafield>
  <datafield tag="100" ind1=" " ind2=" ">
    <subfield code="a">Vicu&#xF1;a Izurieta, Segundo Abel</subfield>
  </datafield>
  <datafield tag="245" ind1=" " ind2=" ">
    <subfield code="a">Regulaci&#xF3;n econ&#xF3;mica y pol&#xED;ticas p&#xFA;blicas en el Ecuador: an&#xE1;lisis desde la academia.</subfield>
  </datafield>
  <datafield tag="250" ind1=" " ind2=" ">
    <subfield code="a">1ra edici&#xF3;n</subfield>
  </datafield>
  <datafield tag="260" ind1=" " ind2=" ">
    <subfield code="a">Ecuador </subfield>
    <subfield code="b"> Editorial Universidad Nacional de Chimborazo (UNACH).</subfield>
    <subfield code="c"> 2019/2020.</subfield>
  </datafield>
  <datafield tag="300" ind1=" " ind2=" ">
    <subfield code="a">312 pag</subfield>
    <subfield code="c"> 14.8 cm x 21 cm</subfield>
  </datafield>
  <datafield tag="490" ind1=" " ind2=" ">
    <subfield code="3">Cartulina couch&#xE9; o propalcote de 240 a 300 gramos</subfield>
  </datafield>
  <datafield tag="520" ind1=" " ind2=" ">
    <subfield code="a">Regulaci&#xF3;n econ&#xF3;mica y pol&#xED;ticas p&#xFA;blicas en el Ecuador: an&#xE1;lisis desde la academia" (2020) es una obra colectiva que examina la evoluci&#xF3;n del sistema econ&#xF3;mico ecuatoriano y el impacto de las decisiones estatales en el bienestar social.
Aqu&#xED; tienes los puntos centrales de su contenido:
Evoluci&#xF3;n del Pensamiento Econ&#xF3;mico: Analiza c&#xF3;mo ha cambiado la visi&#xF3;n econ&#xF3;mica en Ecuador, pasando de modelos tradicionales a enfoques de regulaci&#xF3;n m&#xE1;s contempor&#xE1;neos.
Pol&#xED;ticas P&#xFA;blicas y Sector Real: Eval&#xFA;a la efectividad de las pol&#xED;ticas implementadas por el Estado para dinamizar sectores clave como la manufactura, el comercio y los servicios.
Microfinanzas y Econom&#xED;a Popular: Dedica una parte importante al estudio de las cooperativas de ahorro y cr&#xE9;dito y al rol de las microfinanzas como herramientas de inclusi&#xF3;n econ&#xF3;mica en sectores vulnerables.
Regulaci&#xF3;n Estatal: Discute si la intervenci&#xF3;n del Estado a trav&#xE9;s de leyes y organismos de control ha ayudado a estabilizar la econom&#xED;a o si, por el contrario, ha generado trabas para el crecimiento empresarial.
Perspectiva Acad&#xE9;mica: Al ser un texto universitario, no solo presenta datos estad&#xED;sticos, sino que propone marcos te&#xF3;ricos para que estudiantes y legisladores puedan dise&#xF1;ar mejores estrategias de desarrollo nacional.</subfield>
  </datafield>
  <datafield tag="650" ind1=" " ind2=" ">
    <subfield code="a">Econom&#xED;a &#x2014; Ecuador. Pol&#xED;tica econ&#xF3;mica &#x2014; Siglo XXI. Microfinanzas &#x2014; Aspectos sociales. Regulaci&#xF3;n econ&#xF3;mica &#x2014; An&#xE1;lisis acad&#xE9;mico.</subfield>
    <subfield code="x">An&#xE1;lisis: Indica que la obra no es solo descriptiva, sino que descompone y examina el fen&#xF3;meno econ&#xF3;mico. Investigaci&#xF3;n: Define el car&#xE1;cter cient&#xED;fico y acad&#xE9;mico del texto. Modelos matem&#xE1;ticos: (Si aplica al cap&#xED;tulo de econometr&#xED;a) para secciones con f&#xF3;rmulas y proyecciones. Pol&#xED;tica gubernamental: Especifica que el enfoque est&#xE1; en las decisiones del Estado.</subfield>
    <subfield code="y">En los sistemas de clasificaci&#xF3;n como Dewey o LC, esta subdivisi&#xF3;n indica que el an&#xE1;lisis de las pol&#xED;ticas econ&#xF3;micas y la regulaci&#xF3;n estatal se centra en los eventos, leyes y modelos aplicados en Ecuador durante las &#xFA;ltimas dos d&#xE9;cadas.</subfield>
  </datafield>
  <datafield tag="700" ind1=" " ind2=" ">
    <subfield code="a">Segundo Abel Vicu&#xF1;a Izurieta</subfield>
  </datafield>
  <datafield tag="942" ind1=" " ind2=" ">
    <subfield code="2">ddc</subfield>
    <subfield code="c">BK</subfield>
    <subfield code="n">0</subfield>
  </datafield>
  <datafield tag="952" ind1=" " ind2=" ">
    <subfield code="0">0</subfield>
    <subfield code="1">0</subfield>
    <subfield code="2">ddc</subfield>
    <subfield code="4">0</subfield>
    <subfield code="7">0</subfield>
    <subfield code="8">F02</subfield>
    <subfield code="a">ISUS</subfield>
    <subfield code="b">ISUS</subfield>
    <subfield code="c">Biblioteca Abierta</subfield>
    <subfield code="d">2026-03-25</subfield>
    <subfield code="l">1</subfield>
    <subfield code="m">1</subfield>
    <subfield code="o">0455</subfield>
    <subfield code="p">BIBLIO0455</subfield>
    <subfield code="r">2026-04-01 09:33:04</subfield>
    <subfield code="s">2026-04-01</subfield>
    <subfield code="t">1</subfield>
    <subfield code="w">2026-03-25</subfield>
    <subfield code="y">BK</subfield>
  </datafield>
  <datafield tag="999" ind1=" " ind2=" ">
    <subfield code="c">2027</subfield>
    <subfield code="d">2027</subfield>
  </datafield>
</record>
